LEGO Marvel Super Heroes: Eternals Minifigures by Picture - Statistics

General Stats
  • This quiz has been taken 28 times
  • The average score is 9 of 10
Answer Stats
Picture Answer % Correct
Ikaris
96%
Thena
96%
Ajak
91%
Gilgamesh
91%
Kingo
91%
Makkari
91%
Phastos
91%
Druig
87%
Sersi
87%
Sprite
87%
No matching quizzes found
Score Distribution
Percent of People with Each Score
Percentile by Number Answered
Your Score History
You have not taken this quiz